Language Quiz

Random Language or Letter Quiz

4-Letter Word Chain Quiz Stats

 Plays Quiz Updated Mar 13, 2012

Challenge
Share
Tweet
Embed
Score 0/40 Timer 05:00
3 Plays Today
Clue 4-Letter Word % Correct
Hydrochloric, e.g.ACID
91.9%
What's inside a thought bubbleIDEA
83.5%
Go to the mallSHOP
80.4%
ApieceEACH
79.3%
Square root of sixteenFOUR
78.2%
Frank or ajarOPEN
76.6%
Polite address for a womanMA'AM
75%
Fictional Chinese-American detective CharlieCHAN
73.8%
Lower portion of the faceCHIN
73.3%
Bullets, bolts or arrowsAMMO
72.6%
Insects in family FormicidaeANTS
72.1%
A clarinet has a single oneREED
71.3%
Prepare for publicationEDIT
70.9%
Bygone Russian leaderTSAR
69.1%
Swedish super pop groupABBA
68.7%
Data, for shortINFO
68.5%
Jane Austen novelEMMA
65.6%
A minute opening in the skinPORE
64.6%
A romantic coupleITEM
60.7%
A chromosomal sequenceGENE
57.6%
Clue 4-Letter Word % Correct
Entreat or pleadURGE
56.8%
Opposite of the start of the chainBASE
56.3%
Slangy denialNOPE
55.8%
Wound with a shivSTAB
54.8%
Dog food brandALPO
53.5%
Eat into a hard material to make a designETCH
52.7%
Italian riverARNO
49.5%
No, in RussianNYET
47.6%
Loud bell ringingPEAL
45.2%
Former 'Entertainment Tonight' host JohnTESH
43.5%
A long heroic narrativeSAGA
39.3%
Ancient France GAUL
39.2%
Two nibbles make one of thisBYTE
35.2%
Singers of '99 Luftballoons'NENA
34.7%
Richard Melville Hall's stage nameMOBY
34.6%
First word of a children's selection rhymeEENY
30%
Uncle Sam cartoonist ThomasNAST
29.9%
Peter Fonda's beekeeper roleULEE
24.2%
'Dukes of Hazzard' spin-off showENOS
21.5%
Greek mountain near OlympusOSSA
16.4%

You're not logged in!

Compare scores with friends on all Sporcle quizzes.
Join for Free
OR
Log In

You Might Also Like...

Show Comments

Extras

Top Quizzes Today


Score Distribution

Your Account Isn't Verified!

In order to create a playlist on Sporcle, you need to verify the email address you used during registration. Go to your Sporcle Settings to finish the process.

Report this User

Report this user for behavior that violates our Community Guidelines.

Details: